00662nam a22002057a 450000500170000001000110001702000100002803500110003803700160004904000120006508200110007710000190008824501120010726000460021927000500026530000240031550000510033965000340039065000320042420170124105914.0 a897724 c80.00 a897724 bCen Lib/Ret aDPLbEN a016.82 aMasoodul Hasan a19th century English literacy works :cby Masoodul Hasanba bibliography of rare books available in India / aDelhibB. R. Publishing Corporationc1978 a1, Ansari Road, Darya GanjbNew Delhie110002 axiv,319p.c21cm(Hb) aIncludes bibliographical references and index aLibrary SciencevBibliography aLibrary worksvBibliography